| Поле | Инд. | ПП | Название | Значение |
|---|---|---|---|---|
| Тип записи | a | |||
| Библиографический уровень | b | |||
| 001 | Контрольный номер | bfcb6b7eb76c48aeb8cbfaea177dcace | ||
| 005 | Дата корректировки | 20251121165800.0 | ||
| 008 | Кодируемые данные | 20140826 | ||
| 040 | b | Код языка каталог. | rus | |
| e | Правила каталог. | PSBO | ||
| 041 | 0_ | a | Код языка текста | rus |
| 084 | a | Индекс другой классификации/Индекс ББК | 74в | |
| 100 | 1_ | a | Автор | Shurukhina T. N. |
| q | Полное имя | Shurukhina Tat'yana Nikolaevna | ||
| u | Дополнение к имени | Шурухина Татьяна Николаевна | ||
| 245 | 10 | a | Заглавие | New philosophy of education: attempt of pedagogical realitry comprehending |
| 246 | 01 | a | Другая форма заглавия | Новая философия образования: опыт осмысления педагогической реальности |
| 500 | a | Примечание | На английском языке | |
| a | Примечание | Электронная версия статьи: https://doi.org/10.30853/pedagogy.2018.4.4 | ||
| 504 | a | Библиография | Лит. в конце статьи | |
| 650 | 14 | a | Основная рубрика | образование; философия науки |
| 653 | 1_ | a | Ключевые слова | гуманистическая педагогика |
| a | Ключевые слова | идеология образования | ||
| a | Ключевые слова | инновационное образование | ||
| a | Ключевые слова | информационные технологии | ||
| a | Ключевые слова | междисциплинарные исследования | ||
| a | Ключевые слова | методы образования | ||
| a | Ключевые слова | образовательная политика | ||
| a | Ключевые слова | образовательная система | ||
| a | Ключевые слова | педагогическая деятельность | ||
| a | Ключевые слова | педагогические работники | ||
| a | Ключевые слова | Россия | ||
| a | Ключевые слова | система образования | ||
| a | Ключевые слова | стратегия образования | ||
| a | Ключевые слова | традиционное образование | ||
| a | Ключевые слова | философия образования | ||
| 773 | 08 | t | Заглавие источника | Педагогика. Вопросы теории и практики |
| d | Дата издания источника | 2018 | ||
| g | Прочая информация | № 4. - С. 20 - 22 | ||
| w | Контрольный № источника | DU/602701126 | ||
| 901 | t | Тип документа | b |